000 00720cam a22002054a 4500
005 20250605164147.0
008 250528s ||||||||||||||||||||||||d
035 _a19213
020 _a736032983
040 _aGR-AtMCL
_bgre
_dGR-AtMCL
_eAACR2
245 1 _aAdvances in Sport Psychology / Second Edition
250 _a2nd
260 _bHuman Kinetics,
_c2002
300 _a564
520 _aPreface, Introduction to Sport Psychology, Individual Differences and Sport Behavior, Socioenvironmental Issues and Sociocultural Issues and Sport Behavior, Psychological Skills and Intervention Techniques and Sport Behavior, Index.
700 1 _aHorn Thelma
_95452
942 _cBK
999 _c4480
_d4480